000 00691nam a2200289Ia 4500
005 20260324115236.0
008 008 260324s9999 xx 000 0 eng d
020 _a9781315187853
037 _aEBOOK
040 _aCRL
040 _beng
040 _cCRL
041 _2eng
041 _aeng
084 _qCRL
100 _aDilip Ghosh; Pulok K. Mukherjee
_91153914
245 0 _aNatural Medicines
245 0 _bClinical Efficacy, Safety and Quality
260 _bTaylor and Francis
260 _c2019
365 _a
365 _b370
856 _uhttp://www.taylorfrancis.com/books/9781315187853
942 _cEBOOK
999 _c1744646
_d1744646